[Event "GBR-ch 50+ 106th"]
[Site "Torquay"]
[Date "2019.08.04"]
[Round "7.11"]
[White "Homer, Stephen J"]
[Black "Simons, Martin J"]
[Result "1-0"]
[WhiteElo "2017"]
[BlackElo "1950"]
[PlyCount "47"]
[EventDate "2019.07.29"]
[EventType "swiss"]
[EventRounds "7"]
[EventCountry "ENG"]
[SourceTitle "EXT 2021"]
[Source "ChessBase"]
[SourceDate "2020.10.23"]
[SourceVersion "1"]
[SourceVersionDate "2020.10.23"]
[SourceQuality "1"]

1. Nf3 Nf6 2. g3 g6 3. Bg2 Bg7 4. 0-0 0-0 5. d4 c5 6. c3 cxd4 7. cxd4 d5 8. Ne5 Ng4 9. Nxg4 Bxg4 10. h3 Be6 11. Nc3 Nc6 12. e3 Qd7 13. Kh2 h5 14. Ne2 Bh6 15. Nf4 Bxf4 16. gxf4 Rfc8 17. Bd2 a5 18. a3 b6 19. Rg1 Kg7 20. Bf1 h4 21. Qf3 Na7 22. Bc3 Nb5 23. f5 Bxf5 24. Bxb5 1-0

[Event "GBR-ch 50+ 106th"]
[Site "Torquay"]
[Date "2019.07.30"]
[Round "2"]
[White "Townsend, M Paul"]
[Black "Simons, Martin J"]
[Result "1/2-1/2"]
[WhiteElo "2233"]
[BlackElo "1950"]
[PlyCount "55"]
[EventDate "2019.07.29"]
[EventType "swiss"]
[EventRounds "7"]
[EventCountry "ENG"]
[SourceTitle "EXT 2020"]
[Source "ChessBase"]
[SourceDate "2019.10.17"]
[SourceVersion "1"]
[SourceVersionDate "2019.10.17"]
[SourceQuality "1"]

1. d4 c5 2. d5 Nf6 3. c4 b5 4. cxb5 a6 5. bxa6 g6 6. Nc3 Bxa6 7. Nf3 Bg7 8. g3 d6 9. Bg2 0-0 10. 0-0 Nbd7 11. Rb1 Nb6 12. b3 Bb7 13. e4 Ba6 14. Re1 Ng4 15. Bb2 Nd7 16. a4 Qb6 17. h3 Nge5 18. Nxe5 Nxe5 19. Bf1 c4 20. bxc4 Bxc4 21. Nb5 Bxf1 22. Kxf1 Rfc8 23. Bd4 Qa5 24. Ra1 Rc4 25. Re3 Rxa4 26. Qxa4 Qxa4 27. Rxa4 Rxa4 28. Bxe5 1/2-1/2

[Event "BCF-chT4S 1819 (4NCL)"]
[Site "England"]
[Date "2019.01.13"]
[Round "4.11"]
[White "Simons, Martin J"]
[Black "Venkataramanan, TS."]
[Result "0-1"]
[WhiteElo "2005"]
[BlackElo "2221"]
[PlyCount "78"]
[EventDate "2018.11.17"]
[EventType "team-swiss"]
[EventRounds "11"]
[EventCountry "ENG"]
[SourceTitle "EXT 2021"]
[Source "ChessBase"]
[SourceDate "2020.10.23"]
[SourceVersion "1"]
[SourceVersionDate "2020.10.23"]
[SourceQuality "1"]
[WhiteTeam "Wessex II"]
[BlackTeam "Watford"]
[WhiteTeamCountry "ENG"]
[BlackTeamCountry "ENG"]

1. e4 e5 2. Bc4 Nf6 3. d4 exd4 4. Nf3 Nc6 5. e5 d5 6. Bb5 Ne4 7. Nxd4 Bd7 8. Bxc6 bxc6 9. 0-0 Bc5 10. f3 Ng5 11. f4 Ne4 12. Nc3 Nxc3 13. bxc3 0-0 14. Re1 Bb6 15. Be3 Qe7 16. Qf3 Rad8 17. Qf2 Rfe8 18. a4 c5 19. Nb3 c4 20. Nc5 Ba5 21. Bd4 Bc8 22. f5 Qg5 23. Re3 Qxf5 24. Qxf5 Bxf5 25. Nb7 c5 26. Bxc5 Rc8 27. Nd6 Rxc5 28. Nxf5 Bc7 29. Nd6 Re6 30. Rf1 f6 31. Nb5 Rxb5 32. axb5 Bb6 33. Rfe1 Rxe5 34. Kf2 Kf7 35. Kf3 Rxe3+ 36. Rxe3 Bxe3 37. Kxe3 Ke6 38. Kd4 Kd6 39. g4 g5 0-1

[Event "BCF-ch Seniors 50"]
[Site "Hull"]
[Date "2018.07.29"]
[Round "1"]
[White "Simons, Martin J"]
[Black "Robinson, James M"]
[Result "1/2-1/2"]
[WhiteElo "2008"]
[BlackElo "1745"]
[PlyCount "68"]
[EventDate "2018.07.29"]
[EventType "swiss"]
[EventRounds "7"]
[EventCountry "ENG"]
[SourceTitle "CBM 185 Extra"]
[Source "ChessBase"]
[SourceDate "2018.07.29"]
[SourceVersion "1"]
[SourceVersionDate "2018.07.29"]
[SourceQuality "1"]

1. e4 d6 2. d4 g6 3. Nc3 Bg7 4. Be3 Nd7 5. Qd2 a6 6. a4 e6 7. f4 f5 8. Nf3 Ngf6 9. e5 Ng4 10. Bg1 d5 11. h3 Nh6 12. Bf2 Bf8 13. Bh4 Be7 14. Bxe7 Qxe7 15. Be2 c5 16. 0-0 0-0 17. a5 Nf7 18. Na4 cxd4 19. Qxd4 Nd8 20. Nb6 Nxb6 21. Qxb6 Nc6 22. c4 dxc4 23. Bxc4 Qb4 24. Qxb4 Nxb4 25. Ra4 Nc6 26. Rd1 Rd8 27. Rxd8+ Nxd8 28. Nd4 Bd7 29. Rb4 Rc8 30. Kf2 Kf7 31. Ke3 Rc5 32. Nb3 Rc7 33. Nd4 Rc5 34. Nb3 Rc7 1/2-1/2

[Event "BCF-chT3S 1718 (4NCL) Promotion pool"]
[Site "England"]
[Date "2018.05.06"]
[Round "10.25"]
[White "Simons, Martin J"]
[Black "Scrimgour, Alan"]
[Result "0-1"]
[WhiteElo "2019"]
[BlackElo "2070"]
[PlyCount "132"]
[EventDate "2017.11.11"]
[EventType "team-tourn"]
[EventRounds "11"]
[EventCountry "ENG"]
[SourceTitle "EXT 2020"]
[Source "ChessBase"]
[SourceDate "2019.10.17"]
[SourceVersion "1"]
[SourceVersionDate "2019.10.17"]
[SourceQuality "1"]
[WhiteTeam "Wessex"]
[BlackTeam "CSC Dragons"]
[WhiteTeamCountry "ENG"]
[BlackTeamCountry "ENG"]

1. d4 Nf6 2. f3 d5 3. e4 dxe4 4. Nc3 exf3 5. Nxf3 e6 6. Bg5 Be7 7. Bd3 Nbd7 8. 0-0 c5 9. dxc5 Nxc5 10. Bb5+ Bd7 11. Bxd7+ Ncxd7 12. Qe2 0-0 13. Kh1 Qa5 14. Rad1 Rad8 15. Rd4 Rfe8 16. Bd2 Qb6 17. Rc4 Nd5 18. Rb1 Qa6 19. Ra4 Qxe2 20. Nxe2 a6 21. Nc3 N5b6 22. Re4 Nf6 23. Re2 Nc4 24. Bc1 Nd5 25. Ne4 h6 26. b3 Na3 27. Bxa3 Bxa3 28. c4 Nf4 29. Ree1 f5 30. Nf2 Bc5 31. Nd1 Kf7 32. b4 Bd4 33. Nxd4 Rxd4 34. Ne3 Nd3 35. Re2 g5 36. Rd2 Red8 37. Kg1 Ne5 38. Rxd4 Rxd4 39. b5 a5 40. c5 Ke7 41. c6 bxc6 42. b6 Nd7 43. Rc1 Nxb6 44. Rxc6 Rb4 45. Kf2 Kd7 46. Rc2 Kd6 47. Ke2 h5 48. Kd3 f4 49. Nd1 e5 50. Nc3 Rd4+ 51. Ke2 Ke6 52. Rb2 Na4 53. Rb3 Nxc3+ 54. Rxc3 Ra4 55. a3 Kd5 56. h3 e4 57. Kd2 Kd4 58. Rb3 e3+ 59. Ke2 Ke4 60. Rb5 g4 61. hxg4 hxg4 62. Rb3 f3+ 63. gxf3+ gxf3+ 64. Ke1 Rc4 65. Rb1 Rc2 66. Rb3 Rc1# 0-1

[Event "BCF-chT3Sa 1718 (4NCL)"]
[Site "England"]
[Date "2018.02.11"]
[Round "6.16"]
[White "Pollack, Oscar"]
[Black "Simons, Martin J"]
[Result "1-0"]
[WhiteElo "1950"]
[BlackElo "2025"]
[PlyCount "77"]
[EventDate "2017.11.11"]
[EventType "team-tourn"]
[EventRounds "11"]
[EventCountry "ENG"]
[SourceTitle "EXT 2020"]
[Source "ChessBase"]
[SourceDate "2019.10.17"]
[SourceVersion "1"]
[SourceVersionDate "2019.10.17"]
[SourceQuality "1"]
[WhiteTeam "Barnet Knights"]
[BlackTeam "Wessex"]
[WhiteTeamCountry "ENG"]
[BlackTeamCountry "ENG"]

1. e4 d6 2. d4 Nf6 3. Nc3 Nbd7 4. Be3 e5 5. Nf3 Be7 6. h3 c6 7. Bd3 Qc7 8. 0-0 h6 9. Ne2 Nf8 10. c4 g5 11. c5 Ng6 12. cxd6 Bxd6 13. dxe5 Nxe5 14. Nxe5 Bxe5 15. f4 gxf4 16. Nxf4 Rg8 17. Kh1 Qe7 18. Qf3 Be6 19. Nxe6 Qxe6 20. Rac1 Rg3 21. Qf2 0-0-0 22. Bf4 Rdxd3 23. Bxg3 Rxg3 24. Qf5 Bxb2 25. Rb1 Bd4 26. Qf4 Rg6 27. Rfd1 Nh5 28. Qd2 Ng3+ 29. Kh2 c5 30. Rbc1 Kb8 31. Qf4+ Be5 32. Rxc5 Bd6 33. Rxd6 Qxd6 34. Qxd6+ Rxd6 35. Kxg3 b6 36. Rf5 Rg6+ 37. Kf3 Kb7 38. Rxf7+ Ka6 39. e5 1-0

[Event "BCF-chT3Sa 1718 (4NCL)"]
[Site "England"]
[Date "2018.02.10"]
[Round "5.26"]
[White "Simons, Martin J"]
[Black "Bevan, Peter M"]
[Result "1-0"]
[WhiteElo "2025"]
[BlackElo "1951"]
[PlyCount "81"]
[EventDate "2017.11.11"]
[EventType "team-tourn"]
[EventRounds "11"]
[EventCountry "ENG"]
[SourceTitle "EXT 2020"]
[Source "ChessBase"]
[SourceDate "2019.10.17"]
[SourceVersion "1"]
[SourceVersionDate "2019.10.17"]
[SourceQuality "1"]
[WhiteTeam "Wessex"]
[BlackTeam "Rhyfelwyr Essyllwg"]
[WhiteTeamCountry "ENG"]
[BlackTeamCountry "WLS"]

1. e4 d5 2. d4 dxe4 3. Nc3 c6 4. Bc4 Nf6 5. f3 Bf5 6. g4 Bg6 7. g5 Nd5 8. Nxe4 e6 9. Ne2 Be7 10. Rg1 Qc7 11. N2g3 Nd7 12. Qe2 Nf4 13. Qe3 Nh3 14. Rg2 Nb6 15. Bf1 Nd5 16. Qd2 0-0-0 17. Re2 Nhf4 18. Rf2 e5 19. a3 exd4 20. Qxd4 c5 21. Qa4 Qb6 22. c4 f5 23. gxf6 Be8 24. Qc2 Ne6 25. fxe7 Nxe7 26. Bh3 Kb8 27. Bxe6 Qxe6 28. Bf4+ Ka8 29. Rd2 Bg6 30. 0-0-0 Qb6 31. Rxd8+ Rxd8 32. Rxd8+ Qxd8 33. Qd2 Qc8 34. Qd6 Qe8 35. Qe5 b6 36. Bg5 Qa4 37. Bxe7 Qxc4+ 38. Qc3 Qa2 39. Qd3 Bf7 40. Nc3 Qe6 41. Qe4+ 1-0

[Event "Frome op"]
[Site "Frome"]
[Date "2017.05.14"]
[Round "4"]
[White "Simons, Martin J"]
[Black "French, Max"]
[Result "0-1"]
[WhiteElo "2036"]
[BlackElo "1922"]
[PlyCount "50"]
[EventDate "2017.05.12"]
[EventType "swiss"]
[EventRounds "5"]
[EventCountry "ENG"]
[SourceTitle "CBM 178 Extra"]
[Source "ChessBase"]
[SourceDate "2017.06.22"]
[SourceVersion "1"]
[SourceVersionDate "2017.06.22"]
[SourceQuality "1"]

1. e4 c6 2. Nc3 d5 3. Nf3 Bg4 4. h3 Bxf3 5. Qxf3 e6 6. d4 Nf6 7. e5 Nfd7 8. Qg3 Qb6 9. Ne2 c5 10. dxc5 Nxc5 11. Qe3 Nc6 12. c3 Nxe5 13. Nd4 Nc6 14. Be2 Nd7 15. 0-0 Bc5 16. Rd1 e5 17. Bg4 0-0-0 18. b4 Bxd4 19. cxd4 exd4 20. Qg5 h5 21. Bxd7+ Rxd7 22. Qxg7 Re8 23. Bb2 Qxb4 24. Bxd4 Nxd4 25. Qxd4 Re1+ 0-1

[Event "Frome op"]
[Site "Frome"]
[Date "2017.05.13"]
[Round "2"]
[White "Simons, Martin J"]
[Black "Holt, Philip J"]
[Result "1/2-1/2"]
[WhiteElo "2036"]
[BlackElo "2228"]
[PlyCount "67"]
[EventDate "2017.05.12"]
[EventType "swiss"]
[EventRounds "5"]
[EventCountry "ENG"]
[SourceTitle "CBM 178 Extra"]
[Source "ChessBase"]
[SourceDate "2017.06.22"]
[SourceVersion "1"]
[SourceVersionDate "2017.06.22"]
[SourceQuality "1"]

1. e4 d6 2. d4 Nf6 3. Nc3 c6 4. g3 Nbd7 5. Bg2 e5 6. Nf3 Be7 7. 0-0 0-0 8. a4 a5 9. b3 Re8 10. Bb2 Bf8 11. Re1 Qc7 12. Qd2 h6 13. Rad1 b6 14. Ba3 Bb7 15. dxe5 dxe5 16. Bxf8 Nxf8 17. Qd6 Qe7 18. Qxe7 Rxe7 19. Nd2 Ba6 20. Bf1 Ne6 21. Bxa6 Rxa6 22. Nf3 Ng5 23. Kg2 Nxf3 24. Kxf3 Ne8 25. Rd8 Raa7 26. Red1 Kh7 27. Rb8 Rab7 28. Rxb7 Rxb7 29. Rd8 Nc7 30. Rd7 Kg8 31. Rd8+ Kh7 32. Rd7 Kg8 33. Rd8+ Kh7 34. Rd7 1/2-1/2

[Event "Frome op"]
[Site "Frome"]
[Date "2017.05.13"]
[Round "3"]
[White "Stoyanov, Viktor"]
[Black "Simons, Martin J"]
[Result "1-0"]
[WhiteElo "1834"]
[BlackElo "2036"]
[PlyCount "41"]
[EventDate "2017.05.12"]
[EventType "swiss"]
[EventRounds "5"]
[EventCountry "ENG"]
[SourceTitle "CBM 178 Extra"]
[Source "ChessBase"]
[SourceDate "2017.06.22"]
[SourceVersion "1"]
[SourceVersionDate "2017.06.22"]
[SourceQuality "1"]

1. d4 c5 2. d5 Nf6 3. Bf4 d6 4. Nc3 g6 5. e4 Nbd7 6. Nf3 Bg7 7. Bd3 Nh5 8. Be3 0-0 9. 0-0 a6 10. a4 b6 11. Nd2 e5 12. dxe6 fxe6 13. Nc4 Ne5 14. f4 Nxc4 15. Bxc4 Kh8 16. f5 exf5 17. exf5 Be5 18. fxg6 Bxh2+ 19. Kxh2 Qh4+ 20. Kg1 Bg4 21. Qxd6 1-0

[Event "BCF-chT3S 1617 (4NCL) Promotion pool"]
[Site "England"]
[Date "2017.04.29"]
[Round "9.24"]
[White "Simons, Martin J"]
[Black "Ellemann, Stefan"]
[Result "1-0"]
[WhiteElo "2036"]
[BlackElo "2012"]
[PlyCount "65"]
[EventDate "2016.11.26"]
[EventType "team-tourn"]
[EventRounds "11"]
[EventCountry "ENG"]
[SourceTitle "EXT 2019"]
[Source "ChessBase"]
[SourceDate "2018.10.10"]
[SourceVersion "1"]
[SourceVersionDate "2018.10.10"]
[SourceQuality "1"]
[WhiteTeam "Wessex"]
[BlackTeam "Shropshire"]
[WhiteTeamCountry "ENG"]
[BlackTeamCountry "ENG"]

1. e4 c6 2. Nc3 d5 3. Nf3 Nf6 4. e5 Ne4 5. d3 Nxc3 6. bxc3 Bg4 7. Bf4 Qa5 8. Qd2 Bxf3 9. gxf3 e6 10. d4 Qa3 11. Be2 b5 12. 0-0 Nd7 13. Rfb1 Nb6 14. Rb3 Qa5 15. Qe1 a6 16. Bd2 Qa4 17. Bc1 Be7 18. Qf1 Qa5 19. Qg2 Kd7 20. Kh1 Rag8 21. f4 g6 22. Qf3 Na4 23. Ba3 Qd8 24. Bxe7 Qxe7 25. c4 Kc7 26. cxd5 cxd5 27. c4 dxc4 28. Bxc4 Nb6 29. Rc1 bxc4 30. Rxc4+ Nxc4 31. Rb7+ Kd8 32. Rb8+ Kd7 33. Qb7# 1-0

[Event "BCF-chT3Sa 1617 (4NCL)"]
[Site "England"]
[Date "2017.02.12"]
[Round "6.21"]
[White "Simons, Martin J"]
[Black "Bulmaga, Irina"]
[Result "0-1"]
[WhiteElo "2025"]
[BlackElo "2237"]
[PlyCount "78"]
[EventDate "2016.11.26"]
[EventType "team-tourn"]
[EventRounds "11"]
[EventCountry "ENG"]
[SourceTitle "EXT 2019"]
[Source "ChessBase"]
[SourceDate "2018.10.10"]
[SourceVersion "1"]
[SourceVersionDate "2018.10.10"]
[SourceQuality "1"]
[WhiteTeam "Wessex"]
[BlackTeam "Wood Green"]
[WhiteTeamCountry "ENG"]
[BlackTeamCountry "ENG"]

1. d4 Nf6 2. f3 d5 3. e4 e6 4. e5 Nfd7 5. f4 c5 6. c3 Nc6 7. Nf3 a6 8. Be3 b5 9. Be2 Bb7 10. 0-0 Rc8 11. g4 Qb6 12. Qd2 cxd4 13. cxd4 Bb4 14. Nc3 Na5 15. f5 Qc6 16. Rac1 Nc4 17. Bxc4 Bxc3 18. Qxc3 dxc4 19. d5 Qxd5 20. Rcd1 b4 21. Qc2 Qe4 22. Qxe4 Bxe4 23. fxe6 fxe6 24. Ng5 Bd5 25. Nf7 0-0 26. Nd6 Rxf1+ 27. Rxf1 Rc6 28. Bd4 c3 29. bxc3 bxc3 30. Kf2 c2 31. Rc1 Bxa2 32. Ke3 Bb1 33. Ne4 Nb6 34. Kd3 Nd5 35. Bc3 Nxc3 36. Nxc3 Rb6 37. Kd2 a5 38. g5 Rb4 39. g6 hxg6 0-1

[Event "GBR-ch 103rd"]
[Site "Bournemouth"]
[Date "2016.07.27"]
[Round "3"]
[White "Shaw, Peter"]
[Black "Simons, Martin J"]
[Result "1/2-1/2"]
[WhiteElo "2143"]
[BlackElo "2015"]
[PlyCount "70"]
[EventDate "2016.07.25"]
[EventType "swiss"]
[EventRounds "11"]
[EventCountry "ENG"]
[SourceTitle "CBM 173 Extra"]
[Source "ChessBase"]
[SourceDate "2016.08.29"]
[SourceVersion "1"]
[SourceVersionDate "2016.08.29"]
[SourceQuality "1"]

1. d4 c5 2. d5 Nf6 3. c4 b5 4. cxb5 a6 5. bxa6 g6 6. Nc3 Bxa6 7. e4 Bxf1 8. Kxf1 d6 9. Nf3 Nbd7 10. g3 Bg7 11. Kg2 0-0 12. a4 Qa5 13. Bd2 Ne8 14. Nb5 Qb6 15. Qc2 Nc7 16. Nxc7 Qxc7 17. Bc3 Rfb8 18. b3 Bxc3 19. Qxc3 Qa5 20. Qxa5 Rxa5 21. Rhb1 Ra7 22. Nd2 f5 23. exf5 Nf6 24. fxg6 hxg6 25. Nc4 Nxd5 26. Ra3 Nb4 27. f4 Nc2 28. Ra2 Nd4 29. Rab2 Rab7 30. a5 Rb4 31. Nb6 Nc6 32. Ra2 Nxa5 33. Nd5 Rxb3 34. Rxb3 Nxb3 35. Nxe7+ Kf7 1/2-1/2

[Event "BCF-chT3Sc 1516 (4NCL)"]
[Site "England"]
[Date "2016.03.20"]
[Round "8.77"]
[White "Gostelow, David W"]
[Black "Simons, Martin J"]
[Result "0-1"]
[WhiteElo "2072"]
[BlackElo "2028"]
[PlyCount "84"]
[EventDate "2016.03.20"]
[EventType "team-swiss"]
[EventRounds "11"]
[EventCountry "ENG"]
[SourceTitle "EXT 2017"]
[Source "ChessBase"]
[SourceDate "2016.10.25"]
[SourceVersion "1"]
[SourceVersionDate "2016.10.25"]
[SourceQuality "1"]
[WhiteTeam "Shropshire"]
[BlackTeam "Wessex"]
[WhiteTeamCountry "ENG"]
[BlackTeamCountry "ENG"]

1. d4 Nf6 2. Nf3 g6 3. Bf4 Bg7 4. e3 d6 5. h3 0-0 6. Be2 Nbd7 7. 0-0 Qe8 8. Bh2 e5 9. c4 Ne4 10. Nbd2 Nxd2 11. Qxd2 Qe7 12. Rfd1 f5 13. Rac1 e4 14. Ne1 Nf6 15. c5 Be6 16. b4 Rfd8 17. Rc2 a5 18. b5 dxc5 19. Rxc5 Qxc5 20. dxc5 Rxd2 21. Rxd2 c6 22. Be5 Nd7 23. Bd4 Bxd4 24. exd4 Rd8 25. a4 Nxc5 26. bxc6 bxc6 27. Rc2 Nb3 28. Bc4 Bxc4 29. Rxc4 Rxd4 30. Rxc6 Rd1 31. Kf1 Nc1 32. Rc2 Nd3 33. Re2 Kf7 34. f3 exf3 35. gxf3 Rxe1+ 36. Rxe1 Nxe1 37. Kxe1 Ke6 38. Kd2 Ke5 39. Ke3 g5 40. Kf2 Kf4 41. Kg2 h5 42. Kf2 h4 0-1

[Event "BCF-chT3Sb 1516 (4NCL)"]
[Site "England"]
[Date "2016.02.14"]
[Round "6.108"]
[White "Garnett, John S"]
[Black "Simons, Martin J"]
[Result "1/2-1/2"]
[WhiteElo "1969"]
[BlackElo "2028"]
[PlyCount "58"]
[EventDate "2015.11.14"]
[EventType "team-swiss"]
[EventRounds "7"]
[EventCountry "ENG"]
[SourceTitle "EXT 2017"]
[Source "ChessBase"]
[SourceDate "2016.10.25"]
[SourceVersion "1"]
[SourceVersionDate "2016.10.25"]
[SourceQuality "1"]
[WhiteTeam "Ashfield Breadsall"]
[BlackTeam "Wessex"]
[WhiteTeamCountry "ENG"]
[BlackTeamCountry "ENG"]

1. d4 c5 2. d5 g6 3. g3 Bg7 4. Bg2 d6 5. e4 Nd7 6. Ne2 b5 7. 0-0 Ngf6 8. c3 Bb7 9. Nd2 0-0 10. f4 Qc7 11. Qc2 e6 12. dxe6 fxe6 13. Qb3 d5 14. exd5 exd5 15. Qxb5 a5 16. Qd3 Nb6 17. Nf3 Ba6 18. Qd1 Rfe8 19. Re1 Rad8 20. Ne5 Nc4 21. Nxc4 Bxc4 22. b3 Ba6 23. Bb2 Qe7 24. Bf3 Qe3+ 25. Kg2 Ne4 26. Rf1 Bxe2 27. Qxe2 Qxe2+ 28. Bxe2 Nxc3 29. Bf3 d4 1/2-1/2

[Event "BCF-ch Week2 AM op"]
[Site "Coventry"]
[Date "2015.08.07"]
[Round "5"]
[White "Skinner, Nicholas H"]
[Black "Simons, Martin J"]
[Result "0-1"]
[WhiteElo "1892"]
[BlackElo "2047"]
[PlyCount "109"]
[EventDate "2015.08.03"]
[EventType "swiss"]
[EventRounds "5"]
[EventCountry "ENG"]
[SourceTitle "CBM 167 Extra"]
[Source "ChessBase"]
[SourceDate "2015.09.14"]
[SourceVersion "1"]
[SourceVersionDate "2015.09.14"]
[SourceQuality "1"]

1. d4 c5 2. e3 g6 3. Nf3 Bg7 4. c3 Nf6 5. Bd3 b6 6. dxc5 bxc5 7. 0-0 d5 8. Bb5+ Bd7 9. Bxd7+ Nbxd7 10. Nbd2 0-0 11. Qc2 Qc7 12. e4 e6 13. Re1 Rfe8 14. b3 a5 15. Bb2 a4 16. bxa4 c4 17. Nd4 Nc5 18. Nb5 Qc6 19. exd5 exd5 20. Rxe8+ Rxe8 21. Nf3 Nd3 22. Ba3 Ne4 23. Rf1 Qb6 24. Bc1 Qa5 25. Bd2 Ra8 26. Nfd4 Qxa4 27. Qxa4 Rxa4 28. Be3 Rxa2 29. f3 Nf6 30. h3 Nh5 31. Rb1 Be5 32. Nc6 Bf6 33. Bh6 Bg7 34. Ne7+ Kf8 35. Bxg7+ Kxg7 36. Nxd5 Nhf4 37. Nxf4 Nxf4 38. Nd4 Rxg2+ 39. Kf1 Rh2 40. Rb4 Rh1+ 41. Kf2 Nd3+ 42. Kg2 Nxb4 43. Kxh1 Nd5 44. Ne2 Kf6 45. Kg2 Ke5 46. Kg3 h6 47. Kg4 f6 48. h4 h5+ 49. Kg3 Ne3 50. Nd4 Nf5+ 51. Nxf5 Kxf5 52. Kg2 Kf4 53. Kf2 g5 54. hxg5 fxg5 55. Ke1 0-1

[Event "BCF-ch Week2 AM op"]
[Site "Coventry"]
[Date "2015.08.03"]
[Round "1"]
[White "Cormican, John"]
[Black "Simons, Martin J"]
[Result "1-0"]
[WhiteElo "1858"]
[BlackElo "2047"]
[PlyCount "119"]
[EventDate "2015.08.03"]
[EventType "swiss"]
[EventRounds "5"]
[EventCountry "ENG"]
[SourceTitle "CBM 167 Extra"]
[Source "ChessBase"]
[SourceDate "2015.09.14"]
[SourceVersion "1"]
[SourceVersionDate "2015.09.14"]
[SourceQuality "1"]

1. e4 Nc6 2. Nf3 d5 3. exd5 Qxd5 4. Nc3 Qa5 5. d4 Bg4 6. Bc4 0-0-0 7. Be3 Nxd4 8. Bxd4 e5 9. 0-0 exd4 10. Ne4 Qh5 11. Ng3 Bxf3 12. Nxh5 Bxd1 13. Raxd1 g6 14. Nf4 Nh6 15. Rfe1 Bg7 16. Re7 Rhe8 17. Rde1 Rxe7 18. Rxe7 Bf6 19. Re4 c6 20. Nd3 Rd7 21. g4 Re7 22. Rf4 Bg7 23. Nc5 Be5 24. Re4 b6 25. f4 Bd6 26. Rxe7 Bxe7 27. Nb3 b5 28. Be2 c5 29. h3 a6 30. a4 bxa4 31. Bxa6+ Kc7 32. Nc1 g5 33. Bd3 f5 34. gxf5 gxf4 35. Ne2 Kd6 36. f6 Bxf6 37. Nxf4 Ke5 38. Ng2 Bg5 39. Ne1 Bc1 40. Bb5 Bxb2 41. Nd3+ Kd6 42. Nxb2 a3 43. Nc4+ Kd5 44. Nxa3 Nf5 45. Bd3 Ne3 46. Bxh7 c4 47. Kf2 Kc5 48. Ke2 Nd5 49. Kd2 c3+ 50. Kd1 Kb4 51. Nb1 Nf4 52. h4 Nh5 53. Ke2 Nf4+ 54. Kd1 Nh5 55. Bg6 Nf6 56. h5 Ng4 57. Ke2 Kc5 58. Kf3 Ne5+ 59. Ke4 d3 60. Kxe5 1-0

[Event "BCF-chT2d 1415 (4NCL) Demotion pool"]
[Site "England"]
[Date "2015.03.29"]
[Round "8.6"]
[White "Lewis, Andrew P"]
[Black "Simons, Martin J"]
[Result "1-0"]
[WhiteElo "2256"]
[BlackElo "2064"]
[PlyCount "77"]
[EventDate "2015.03.29"]
[EventType "team-tourn"]
[EventRounds "11"]
[EventCountry "ENG"]
[SourceTitle "EXT 2016"]
[Source "ChessBase"]
[SourceDate "2015.10.08"]
[SourceVersion "1"]
[SourceVersionDate "2015.10.08"]
[SourceQuality "1"]
[WhiteTeam "Anglian Avengers"]
[BlackTeam "Wessex"]
[WhiteTeamCountry "ENG"]
[BlackTeamCountry "ENG"]

1. Nf3 c5 2. c4 Nf6 3. Nc3 Nc6 4. d4 cxd4 5. Nxd4 g6 6. e4 d6 7. Nc2 Bg7 8. Be2 0-0 9. 0-0 a6 10. Be3 Rb8 11. f3 Nd7 12. Rb1 Qa5 13. Qd2 Bxc3 14. bxc3 Nc5 15. Nb4 Be6 16. Nd5 Rfe8 17. h4 b5 18. cxb5 axb5 19. h5 Ne5 20. Bd4 Nc6 21. Nb4 Rec8 22. Nxc6 Rxc6 23. Qh6 f6 24. hxg6 hxg6 25. Qxg6+ Kf8 26. Be3 Bf7 27. Bh6+ Ke8 28. Qg7 Qa7 29. Be3 Rcb6 30. f4 Qc7 31. e5 dxe5 32. Rbd1 Rd6 33. fxe5 Rd5 34. Bg4 f5 35. Bxf5 Qxe5 36. Qxe5 Rxe5 37. Bd4 Rd5 38. Bxc5 Rxc5 39. Bd7+ 1-0

[Event "GBR-ch 101st"]
[Site "Aberystwyth"]
[Date "2014.07.29"]
[Round "10"]
[White "Davis, Lee"]
[Black "Simons, Martin J"]
[Result "0-1"]
[WhiteElo "1978"]
[BlackElo "2087"]
[PlyCount "66"]
[EventDate "2014.07.19"]
[EventType "swiss"]
[EventRounds "11"]
[EventCountry "WLS"]
[SourceTitle "CBM 161 Extra"]
[Source "ChessBase"]
[SourceDate "2014.08.29"]
[SourceVersion "1"]
[SourceVersionDate "2014.08.29"]
[SourceQuality "1"]

1. Nf3 Nf6 2. d4 c5 3. c4 cxd4 4. Nxd4 e5 5. Nb5 d5 6. cxd5 Bc5 7. e3 0-0 8. N5c3 e4 9. Be2 Qe7 10. b3 Rd8 11. Qc2 Bf5 12. Bb2 Na6 13. a3 Rac8 14. b4 Bd6 15. Qb3 Nc7 16. Nb5 Nxb5 17. Bxb5 Nxd5 18. Nc3 Nxc3 19. Bxc3 Rxc3 20. Qxc3 Be5 21. Qc1 Rc8 22. Qd1 Bc3+ 23. Kf1 Qe5 24. Rc1 Qxb5+ 25. Qe2 Bd7 26. f3 exf3 27. gxf3 Qh5 28. Kf2 Qh4+ 29. Kg1 Rc6 30. Rxc3 Rg6+ 31. Kf1 Bh3+ 32. Qg2 Bxg2+ 33. Ke2 Bxf3+ 0-1